Deĭstvui͡ushchie zakony Respubliki Belarusʹ o trude : sbornik /
Saved in:
| Corporate Author: | |
|---|---|
| Other Authors: | |
| Format: | Book |
| Language: | Russian |
| Published: |
Minsk :
Belorusskiĭ kadrovyĭ t͡sentr "Professional",
1995.
|
| Subjects: | |
| Tags: |
Add Tag
No Tags, Be the first to tag this record!
|
| LEADER | 00753aam a2200241 a 4500 | ||
|---|---|---|---|
| 001 | 005802481-6 | ||
| 005 | 20071220124809.0 | ||
| 008 | 960410s1995 bw l 000 0 ruso | ||
| 010 | |a 96135946 | ||
| 020 | |a 9856004063 | ||
| 035 | 0 | |a ocm37545377 | |
| 040 | |a DLC |c DLC | ||
| 043 | |a e-ur-bw | ||
| 050 | 0 | 0 | |a KLF126 |b .A28 1995 |
| 110 | 1 | |a Belarus. | |
| 245 | 1 | 0 | |a Deĭstvui͡ushchie zakony Respubliki Belarusʹ o trude : |b sbornik / |c [sostavitelʹ i avtor vstupitelʹnoĭ statʹi A.V. Sosnov]. |
| 260 | |a Minsk : |b Belorusskiĭ kadrovyĭ t͡sentr "Professional", |c 1995. | ||
| 300 | |a 127 p. ; |c 20 cm. | ||
| 650 | 0 | |a Labor laws and legislation |z Belarus. | |
| 655 | 7 | |a Statutes and codes. |2 lcgft | |
| 700 | 1 | |a Sosnov, A. V. | |
| 988 | |a 20020608 | ||
| 906 | |0 DLC | ||


